[Event "Liptovsky Jan Slovak op U2200"]
[Site "Liptovsky Jan"]
[Date "2021.06.18"]
[Round "2"]
[White "Staffen, Robert"]
[Black "Vastik, Tomas"]
[Result "1-0"]
[WhiteElo "1621"]
[BlackElo "1222"]
[PlyCount "99"]
[EventDate "2021.06.17"]
[EventType "swiss"]
[EventRounds "7"]
[EventCountry "SVK"]
[SourceTitle "CBM 203 Extra"]
[Source "ChessBase"]
[SourceDate "2021.09.30"]
[SourceVersion "1"]
[SourceVersionDate "2021.09.30"]
[SourceQuality "1"]

1. e4 e5 2. Nf3 Nc6 3. Bc4 Bc5 4. b4 Bxb4 5. c3 Bc5 6. d4 exd4 7. 0-0 h6 8. cxd4 Bb6 9. Nc3 Nge7 10. Bxf7+ Kxf7 11. d5 Bd4 12. Nxd4 Nxd4 13. Qxd4 Ng6 14. f4 Qf6 15. e5 Qb6 16. Be3 Qxd4 17. Bxd4 b6 18. Nb5 Ba6 19. a4 Bxb5 20. axb5 Ne7 21. d6 Nf5 22. Bb2 cxd6 23. exd6 Rhc8 24. Be5 Rc2 25. Rfc1 Ne3 26. Rxc2 Nxc2 27. Ra2 Nb4 28. Ra3 Nc2 29. Rc3 Nb4 30. Rc7 Ke6 31. g3 g6 32. Kg2 Nd5 33. Rc1 Ne3+ 34. Kf3 Nd5 35. Ke4 Nb4 36. g4 a6 37. f5+ gxf5+ 38. gxf5+ Kf7 39. Rc4 Na2 40. Ra4 Nc1 41. bxa6 Nb3 42. Bd4 b5 43. Ra2 Nxd4 44. Kxd4 Kf6 45. Kc5 b4 46. Kxb4 Kxf5 47. a7 Ke5 48. Kc5 Rc8+ 49. Kb6 Kxd6 50. a8Q 1-0